[Event "CZE-ch U12 Girls"]
[Site "Kouty nad Desnou"]
[Date "2017.03.11"]
[Round "1"]
[White "Novakova, Barbora"]
[Black "Koci, Magda"]
[Result "0-1"]
[WhiteElo "1368"]
[BlackElo "1100"]
[PlyCount "92"]
[EventDate "2017.03.11"]
[EventType "swiss"]
[EventRounds "9"]
[EventCountry "CZE"]
[SourceTitle "CBM 177 Extra"]
[Source "ChessBase"]
[SourceDate "2017.04.27"]
[SourceVersion "1"]
[SourceVersionDate "2017.04.27"]
[SourceQuality "1"]

1. e4 e5 2. f4 exf4 3. Nf3 d6 4. Bc4 h6 5. d4 g5 6. Nc3 Nc6 7. Bb5 Bd7 8. 0-0 Nf6 9. Re1 Bg7 10. e5 dxe5 11. Nxe5 0-0 12. Nxd7 Qxd7 13. d5 a6 14. dxc6 Qxd1 15. Rxd1 axb5 16. cxb7 Rab8 17. Nxb5 Rxb7 18. Nc3 Re8 19. Bd2 Rxb2 20. Rdc1 Ne4 21. Nxe4 Rxe4 22. a4 Re2 23. Be1 Rbxc2 24. Rxc2 Rxc2 25. Ra3 Bd4+ 26. Kf1 Ba7 27. Rd3 Ra2 28. Bc3 Rf2+ 29. Ke1 Rxg2 30. Rd8+ Kh7 31. Rd7 Rg1+ 32. Ke2 Kg6 33. Rxc7 Be3 34. a5 Rg2+ 35. Kf3 Ra2 36. Rc6+ Kh5 37. h3 Bd2 38. Bg7 Ra3+ 39. Ke2 Rxh3 40. Rxh6+ Kg4 41. Rxh3 Kxh3 42. Kxd2 Kg2 43. Bd4 g4 44. Ke2 f3+ 45. Ke1 g3 46. a6 f2+ 0-1